=LDR 00000nam 2200000 4500 =001 INLIS000000000020458 =005 20130612115414 =008 ***********************************Ind** =035 ##$$0010-061300000020458 =041 ##$$a Ind =082 ##$$a 631.46 =090 ##$$a 631.46, Bio b =245 ##$$a Biologi tanah, ekologi dan makrobiologi tanah, Dr. Ir Kemas Ali Hanafiah M.S...[et.al] =260 ##$$a 2005 $b Jakarta =300 ##$$a xx, 166 hlm, ilus, 21 cm =650 ##$$a Biologi tanah =850 ##$$a NBPNMAT =990 ##$$a 94491/BPAP-NTB/2014 =990 ##$$a 0001/BPAP-NTB/20142014 =990 ##$$a 2090101553/BPAP-NTB/2015 =990 ##$$a 0001/BPAP-NTB/2015 =990 ##$$a 0001/BPAP-NTB/2015 =990 ##$$a 0001/BPAP-NTB/2015 =990 ##$$a 0001/BPAP-NTB/2016 =990 ##$$a 0001/BPAP-NTB/2016 =990 ##$$a 0001/BPAP-NTB/2016 =990 ##$$a 0001/BPAP-NTB/2016 =990 ##$$a 20303342 =990 ##$$a 0001/BPAP-NTB/20142014 =990 ##$$a 2090101553/BPAP-NTB/2015 =990 ##$$a 0001/BPAP-NTB/2015 =990 ##$$a 0001/BPAP-NTB/2015 =990 ##$$a 0001/BPAP-NTB/2015 =990 ##$$a 0001/BPAP-NTB/2016 =990 ##$$a 0001/BPAP-NTB/2016 =990 ##$$a 0001/BPAP-NTB/2016 =990 ##$$a 0001/BPAP-NTB/2016 =990 ##$$a 20303342 =990 ##$$a 0001/BPAP-NTB/20142014 =990 ##$$a 2090101553/BPAP-NTB/2015 =990 ##$$a 0001/BPAP-NTB/2015 =990 ##$$a 0001/BPAP-NTB/2015 =990 ##$$a 0001/BPAP-NTB/2015 =990 ##$$a 0001/BPAP-NTB/2016 =990 ##$$a 0001/BPAP-NTB/2016 =990 ##$$a 0001/BPAP-NTB/2016 =990 ##$$a 0001/BPAP-NTB/2016